CCC made simple; (Record no. 186454)
[ view plain ]
| 000 -LEADER | |
|---|---|
| fixed length control field | 00536nam a22001817a 4500 |
| 005 - DATE AND TIME OF LATEST TRANSACTION | |
| control field | 20220304142841.0 |
| 010 ## - LCCN (DPL NO) | |
| LC control number | ENG-131841 |
| 020 ## - INTERNATIONAL STANDARD BOOK NUMBER | |
| International Standard Book Number | 9789388511742 |
| Terms of availability | 270.00 |
| 035 ## - SYSTEM CONTROL NUMBER | |
| System control number | EN-115373 |
| 037 ## - SOURCE OF ACQUISITION | |
| Source of stock number/acquisition | DBAD/PUB |
| 082 ## - DEWEY DECIMAL CLASSIFICATION NUMBER | |
| Classification number | 004 |
| 100 ## - MAIN ENTRY--PERSONAL NAME | |
| Personal name | Jain s. |
| 245 ## - TITLE STATEMENT | |
| Title | CCC made simple; |
| Remainder of title | course on computer concepts/ |
| Statement of responsibility, etc | GEETHA |
| 260 ## - PUBLICATION, DISTRIBUTION, ETC. (IMPRINT) | |
| Place of publication, distribution, etc | NEW DELHI |
| Name of publisher, distributor, etc | BPB publications |
| Date of publication, distribution, etc | 2019 |
| 270 ## - ADDRESS | |
| Address | 20,ansari road darya ganj |
| City | new delhi |
| Postal code | 110002 |
| 300 ## - PHYSICAL DESCRIPTION | |
| Extent | xix, 449p. |
| Dimensions | 24cm(pbk) |
| Other physical details | Refrences |
| 942 ## - ADDED ENTRY ELEMENTS (KOHA) | |
| Source of classification or shelving scheme | Dewey Decimal Classification |
| Item type | English Books |
| Classification part | 628.445 |
| Call number suffix | RED |
| Withdrawn status | Lost status | Not for loan | Home library | Current library | Date acquired | Full call number | Koha item type |
|---|---|---|---|---|---|---|---|
| D.B.Act.Division | D.B.Act.Division | 04/03/2022 | 628.445 RED | English Books | |||
| D.B.Act.Division | D.B.Act.Division | 04/03/2022 | 628.445 RED | English Books |
